| 000 | 00630nam a22001577a 4500 | ||
|---|---|---|---|
| 003 | macl | ||
| 005 | 20150626133217.0 | ||
| 008 | 150626b xxu||||| |||| 00| 0 eng d | ||
| 040 | _cmacl | ||
| 082 | _a001 | ||
| 100 |
_aडॉ हंस राज _9327 |
||
| 245 |
_aCTET केन्द्रीय शिक्षक पात्रता परिक्षा _bपेपर ii कक्षा VI -VIII गणित ण्वं विज्ञान |
||
| 260 |
_aदिल्ली _bयूनीक पब्लिशर्स _c2014 |
||
| 650 |
_aसामान्य ज्ञान _9328 |
||
| 942 |
_2ddc _cHIN |
||
| 999 |
_c49922 _d49922 |
||